000 00599cam a22002291 4500
001 sa 65008890
003 DLC
005 20260227112158.0
008 880708s1964 io 000 0 ind
010 _asa 65008890
025 _aPL480:Indo-1945
035 _a(OCoLC)18193063
040 _aDLC
_cICRL
_dDLC
042 _apremarc
050 0 0 _aBP75
_b.H34
100 1 _aHassan, ʻAbbas.
245 1 0 _aDitjelah-tjelah kehidupan nabi Muhammad s.a.w.
250 _a[Tjet. 1]
260 _aDjakarta,
_bBakti Pustaka,
_c1964.
300 _a80 p.
_c18 cm.
600 0 0 _aMuḥammad,
_cProphet,
_d-632.
999 _c65927
_d65927